Prénom les plus donnés en France en 2024 (garçon) - Statistiques

Statistiques générales
  • Ce quiz a été pris 104 fois
  • Le résultat moyen est 4 sur 10
Statistiques - réponses
Nombre Prenom % Correct
3335 Louis
64%
3325 Leo
62%
4550 Gabriel
47%
3030 Jules
44%
3085 Arthur
36%
3470 Raphaël
36%
3260 Noah
33%
2830 Maël
28%
3045 Adam
22%
2570 Léon
20%
Aucun quiz correspondant
Distribution des résultats
% des personnes avec chaque résultat
Percentile par nombre de réponses
Votre historique - résultats
Vous n’avez pas pris ce quiz